02704nam a2200253 i 450000100060000000300090000600500170001500700030003200800410003502000180007608000240009408000210011824502810013926000720042030000210049250516320051361000670214565000680221270000310228070000340231171000530234571000320239885200200243011780ES-MaACL20230906150155.0t|961028m19812003sp b |||| |dspa d a84-00-04774-5 a929.7(460)"17"(093) a930.255(463.1 V)00aPleitos de hidalguía que se conservan en el Archivo de la Real Chancillería de Valladolid b: extracto de sus expedientes : siglo XVIII / cextractados, ordenados y papeleteados bajo la dirección de Vicente de Cadenas y Vicent, por María Esperanza Alonso ... [et al.]. aMadrid : bHidalguía : bInstituto Salazar y Castro, c1981-2003. a44 v. ; c26 cm.8 aContiene: t. 1. A-Alonso t. 2. Alsua-Angulo t. 3. Anievas-Azurmendi t. 4. Babiano-Bobes t. 5. Boces-Campillo t. 6. Campo-Ceballos t. 7. Ceballos-Cuesta t. 8. Cuesta-Díaz de Zumento t. 9. Diego-Duro de la Plaza t. 10. Ebro-Fernández t. 11. Fernández-Fernández Barona t. 12. Fernández Barona-Fernández de Rozada t. 13. Fernández Rozada-Gallo Díaz Calvo t. 14. Gallo del Rugallo-García t. 15. García-García del Rivero t. 16. García de Robles-Gómez de Cosio t. 17. Gómez de Cosio-González t. 18. González, Luis-González Olano t. 19. Gonzalez Olivares-Gutierrez, Matias t. 20. Gutiérrez, José-Herrero, Manuel t. 21. Herrero, Vicente-Izquierdo t. 22. Jado y Castillo-Longo, Francisco t. 23. López, Domingo-López Montenegro t. 24. López Montenegro-Lluba t. 25. Maceira-Martínez Ballesteros t. 26. Martínez Ballesteros-Medina Díez t. 27. Medina-Montenegro Calderón t. 28. Montenegro Izquierdo, Neira y Arevalo t. 29. Neira Bermúdez-Orive y Arciniega t. 30. Orive y Arciniega-Pardo de Prado t. 31. Pardo de Rivadeneira-Pérez Fernández t. 32. Pérez Fernández-Prado Ulloa t. 33. Prado y Velasco-Reigadas t. 34. Reimúndez Pardo-Rodríguez t. 35. Rodríguez-Rodríguez de la Vega t. 36. Rodríguez de Villafañe-Ruiz Huidobro t. 37. Ruiz Huidobro-Sáinz Manteca t. 38. Sáinz Mardones-Sánchez Malo t. 39. Sánchez Malo-Sierra Bustillo t. 40. Sierra del Campo-Tejada t. 41. Tejada Iñiguez-Vadillo t. 42. Vadillo, Matías de-Vega, Francisco de t. 43. Vega, Francisco de la-Villalaín, José de t. 44. Villalain, Agustín de-Zuriarrain y Otamendi, Juan Antonio de27aArchivo de la Real Chancillería de Valladolid-vCatálogos.14aProcesos de hidalguía-vHistoria-vFuentes-vBibliografías.1 aAlonso, María Esperanza.1 aCadenas y Vicent, Vicente de.2 aArchivo de la Real Chancillería de Valladolid.2 aInstituto Salazar y Castro. aES-MaACLjP-378